Naruto C Answers Quiz Stats

Quiz not verified by Sporcle

Challenge
Share
Tweet
Embed
Score 0/31 Timer 10:00
0 Plays Today
Hint Answer % Correct
Bodyguard of A (add 'ee' to his name)C
90.9%
Energy used for ninjutsu and most techniquesChakra
89.8%
Grandmother of SasoriChiyo
87.7%
Middle ninja rankChunin
85%
Pleasantly plumpChoji Akimichi
84%
Father of pleasantly plumpChoza Akimichi
78.1%
One thousand birdsChidori
74.3%
Deidara's exploding clone techniqueC4
74.3%
Basic jutsu that Naruto has trouble withClone Jutsu
73.8%
Deidara's basic clay techniqueC1
73.8%
Deidara's dragon techniqueC2
73.3%
Deidara's powerful bomb techniqueC3
73.3%
Mei's bodyguard and future MizukageChojuro
69.5%
Seven-tailed beastChomei
69.5%
Daughter of Karui and pleasantly plumpChocho Akimichi
68.4%
Deidara's suicide bombC0
63.1%
Hint Answer % Correct
Deidara's clone techniqueClay Clone
59.9%
Guren's Kekkei GenkaiCrystal Release
59.9%
Itachi's clone techniqueCrow Clone
56.1%
Weapon with sharpened chakra flowChakra Blade
41.2%
Head monk of the Fire TempleChiriku
38.5%
Used to control puppetsChakra Threads
38%
Sasuke's cursed sealCursed Seal of Heaven
34.2%
Kimimaro's cursed sealCursed Seal of Earth
32.6%
Nagato's dogChibi
30.5%
Planetary devastationChibaku Tensei
29.9%
Kirigakure secret intelligence squadCypher Divison
23%
Kiri ninja who hates AkatsukiChukichi
18.7%
Storing chakra in the forehead over timeCreation Rebirth
13.9%
Iwagakure rogue who got angry at his clothes getting dirtyChoseki
10.2%
Samurai from the Land of IronChiyomatsu
5.9%

You're not logged in!

Compare scores with friends on all Sporcle quizzes.
Join for Free
OR
Log In

You Might Also Like...

Show Comments

Extras

Created May 31, 2015ReportNominate
Tags:naruto

Top Quizzes Today


Score Distribution

Your Account Isn't Verified!

In order to create a playlist on Sporcle, you need to verify the email address you used during registration. Go to your Sporcle Settings to finish the process.

Report this User

Report this user for behavior that violates our Community Guidelines.

Details: